00538nam a22001692 4500001001100000005001700011008004100028020002800069040001500097050002400112110004400136245009300180250001200273260002600285300001800311650003900329000000243520151217151854.0070411s xx 000 0 eng d a075172663X :cKES 1,690 aKABUcKABU 0aHF5657.4b.B67 20062 aBPP Professional Education.@000015146910aPaper 1.2 Financial information for management for exams in December 2006 and June 2007. a6th ed. aLondon :bBPP,c2006. axxxiv, 486 p. 0aManagerial accounting.@0000151472